书目信息 |
| 书名: | The context of language teaching = | |
| 作者: | Jack C. Richards著 ; 舒白梅导读. | |
| 分册号: | ||
| 分册名: | 出版地: | 北京 : |
|
| 出版社: | 外语教学与研究出版社 | |
| 出版时间: | 2001. | |
| 页数: | 35, 228 p. : | |
| 开本: | 24 cm. | |
| 丛书名: | ||
| 中图分类号: | ||
| 科图分类号: | ||
| 其他分类号: | H09 | |
| 主题词: | ||
| 电子资源: | ||
| 000 | 01718cam a2200613 a 4500 | |
| 001 | E0753607049 | |
| 003 | CAL | |
| 005 | 20070818145503.06 | |
| 008 | 840911r20011998cc a b 00110 eng d | |
| 020 | @a7560022359. | |
| 040 | @aNUL@cNUL@dWUL | |
| 041 | 0 | @aeng@bchi |
| 050 | 4 | @aP51@b.R47 |
| 082 | 04 | @a418/.007@219 |
| 090 | @aH09 | |
| 093 | @aH09@24 | |
| 099 | @dH09@ex25 | |
| 100 | 1 | @aRichards, Jack C. |
| 245 | 14 | @aThe context of language teaching = :@b论语言教学环境 / @cJack C. Richards著 ; 舒白梅导读. |
| 246 | 33 | @a论语言教学环境 |
| 260 | @a北京 :@b外语教学与研究出版社,@c2001. | |
| 300 | @a35, 228 p. :@bill. ;@c24 cm. | |
| 490 | 1 | @aCambridge books for language teachers =@a剑桥英语教师丛书 ;@v9 |
| 504 | @aIncludes Bibliographical reference (p. 208-225) & index. | |
| 534 | @pReprint. Originally published:@cCambridge : Cambridge University Press, 1998.@z0521265657, 0521319528 (pbk.) | |
| 650 | 0 | @aLanguage and languages@xStudy and teaching. |
| 830 | 0 | @aCambridge books for language teachers ;@v9. |
| 920 | @a242030@z1 | |
| 920 | @a232010@z1 | |
| 920 | @a243160@z1 | |
| 920 | @a222010@z1 | |
| 920 | @a242020@z1 | |
| 920 | @a262070@z1 | |
| 920 | @a231280@z2 | |
| 920 | @a237040@z2 | |
| 920 | @a244020@z1 | |
| 920 | @a235010@z2 | |
| 920 | @a222220@z1 | |
| 920 | @a231030@z1 | |
| 920 | @a241061@z1 | |
| 920 | @a211162@z1 | |
| 920 | @a261020@z1 | |
| 920 | @a211180@z2 | |
| 920 | @a221120@z1 | |
| 920 | @a211390@z1 | |
| 920 | @a232090@z2 | |
| 920 | @a223140@z1 | |
| 920 | @a237385@z2 | |
| 920 | @a237020@z1 | |
| 920 | @a221020@z1 | |
| 920 | @a242010@z1 | |
| 920 | @a231220@z1 | |
| 920 | @a211270@z1 | |
| 998 | @aWUST | |
| The context of language teaching = : : 论语言教学环境 / / Jack C. Richards著 ; 舒白梅导读.-北京 : : 外语教学与研究出版社, , 2001. |
| 35, 228 p. : : ill. ; ; 24 cm.- (Cambridge books for language teachers = 剑桥英语教师丛书 ; 9) |
| Includes Bibliographical reference (p. 208-225) & index. |
| ISBN 7560022359. |
| ● |
| 相关链接 |
|
|
|
|
正题名:context of language teaching =
索取号:H09/x25
 
预约/预借
| 序号 | 登录号 | 条形码 | 馆藏地/架位号 | 状态 | 备注 |
| 1 | 16679 | 300166790 | 第二样本阅览室/ [索取号:H09/x25] | 在馆 | |
| 2 | 16680 | 300166807 | 第四借阅区/ [索取号:H09/x25] | 在馆 | |
| 3 | 16681 | 300166816 | 第四借阅区/ [索取号:H09/x25] | 在馆 |